000 01323nam0a22003011 4500
001 rc\994466
005 20041129101634.0
035 _a(NLR Aleph) 006161385
090 _a5866688
_c5866688
100 _a20041129d1981 u |0rusy50 ca
101 0 _arus
102 _aRU
105 _ay |||||||||
200 1 _aРазвитие бригадных форм организации и стимулирования труда в промышленности
_eОбзор
_f[Н.К. Кривко, И.В. Франдюк, Л.Н. Шкабура]
210 _aКиев
_cУкрНИИНТИ
_d1981
215 _a64 с.
_d20
225 1 _aСерия 4 "Управление народным хозяйством и НОТ"
_fУкр. НИИ НТИ и техн.-экон. исслед.
225 1 _aНаука. Техника. Производство
_f...
300 _aАвт. указаны на обороте тит. л.
320 _aБиблиогр.: с. 58-63 (68 назв.)
700 1 _aКривко
_bН. К.
_gНаталия Константиновна
701 1 _aШкабура
_bЛ. Н.
_gЛюдмила Николаевна
701 1 _aФрандюк
_bИ. В.
_gИван Васильевич
801 0 _aRU
_bNLR
_gpsbo
801 1 _aRU
_bELAR
_2rusmarc
852 _aNLR
_j81-4/23453
942 _cBOOK
980 _aNB